书目信息 |
| 书名: | The history of English law before the time of Edward I | |
| 作者: | by Sir Frederick Pollock and Frederic William Maitland. | |
| 分册号: | ||
| 分册名: | 出版地: | London : |
|
| 出版社: | Cambridge U.P | |
| 出版时间: | 1968. | |
| 页数: | v. 1, 2 ; | |
| 开本: | 24 cm. | |
| 丛书名: | ||
| 中图分类号: | ||
| 科图分类号: | ||
| 其他分类号: | D956.19 | |
| 主题词: | ||
| 电子资源: | ||
| 000 | 00955cam 2200301 4500 | |
| 001 | E0733549296 | |
| 005 | 20070208092226.17 | |
| 020 | @a0521095166 (v.2, pbk.). | |
| 020 | @a0521095158 (v.1, pbk.). | |
| 090 | @aD956.19 | |
| 099 | @dD956.19@ex6:1=2 | |
| 100 | 1 | @aPollock, Frederick,@cSir,@d1845-1937. |
| 245 | 14 | @aThe history of English law before the time of Edward I / @cby Sir Frederick Pollock and Frederic William Maitland. |
| 250 | @a2nd ed. reissued :@bwith a new introduction and select bibliography by S. F. C. Milsom. | |
| 260 | @aLondon :@bCambridge U.P.,@c1968. | |
| 300 | @av. 1, 2 ;@c24 cm. | |
| 500 | @aLibrary has v.1. | |
| 504 | @aBibliography: v. 1, p. lxxv-xci. | |
| 700 | 10 | @aMaitland, Frederic William,@d1850-1906, |
| 920 | @a251430@z1 | |
| 920 | @a211010@z1 | |
| 920 | @a231220@z1 | |
| 920 | @a242010@z1 | |
| 920 | @a211270@z1 | |
| 920 | @a211410@z1 | |
| 920 | @a215010@z1 | |
| 920 | @a223010@z1 | |
| 998 | @aPUL | |
| The history of English law before the time of Edward I / / by Sir Frederick Pollock and Frederic William Maitland.-2nd ed. reissued : : with a new introduction and select bibliography by S. F. C. Milsom.-London : : Cambridge U.P., , 1968. |
| v. 1, 2 ; ; 24 cm. |
| Library has v.1.-Bibliography: v. 1, p. lxxv-xci. |
| ISBN 0521095166 (v.2, pbk.). |
| ● |
| 相关链接 |
|
|
|
|
正题名:history of English law before the time of Edward I
索取号:D956.19/x6:1=2
 
预约/预借
| 序号 | 登录号 | 条形码 | 馆藏地/架位号 | 状态 | 备注 |
| 1 | 182497 | 001177871 | 第二样本阅览室/ [索取号:D956.19/x6:1=2] | 在馆 | |
| 2 | 182498 | 001177924 | 第四借阅区/ [索取号:D956.19/x6:1=2] | 在馆 | |
| 3 | 182499 | 001177773 | 第四借阅区/ [索取号:D956.19/x6:1=2] | 在馆 |